| 000 | 00421nam a22001697a 4500 | ||
|---|---|---|---|
| 003 | OSt | ||
| 005 | 20211103112431.0 | ||
| 008 | 211103b |||||||| |||| 00| 0 eng d | ||
| 020 | _a1557860270 | ||
| 040 | _cHU | ||
| 082 | _a339.5 | ||
| 100 |
_aG.E.N _916743 |
||
| 245 | _aGENERAL.EQUILIBRIUM.MODELING.AND.ECONOMIC.POLICY.ANALYSIS | ||
| 260 |
_aAMERICA _bBASIL.BLACKWELL _c1990 |
||
| 300 | _a466 | ||
| 942 |
_2ddc _cBOOKS _n0 |
||
| 999 |
_c16459 _d16459 |
||